Most Populated U.S. Cities by Letter - F - Statistics

General Stats
  • This quiz has been taken 114 times
  • The average score is 10 of 20
Answer Stats
Population State Answer % Correct
919,000 Texas Fort Worth
95%
542,000 California Fresno
90%
126,000 North Dakota Fargo
88%
264,000 Indiana Fort Wayne
83%
209,000 North Carolina Fayetteville
75%
94,000 Arkansas Fayetteville
75%
183,000 Florida Fort Lauderdale
65%
170,000 Colorado Fort Collins
61%
231,000 California Fremont
56%
89,000 Arkansas Fort Smith
49%
201,000 Texas Frisco
45%
83,000 Tennessee Franklin
39%
208,000 California Fontana
38%
86,000 Florida Fort Myers
35%
144,000 California Fullerton
31%
101,000 Washington Federal Way
30%
120,000 California Fairfield
25%
99,000 Indiana Fishers
22%
94,000 Massachusetts Fall River
19%
84,000 Michigan Farmington Hills
18%
No matching quizzes found
Score Distribution
Percent of People with Each Score
Percentile by Number Answered
Your Score History
You have not taken this quiz